| 000 | 00836 a2200217 4500 | ||
|---|---|---|---|
| 999 |
_c4408 _d4408 |
||
| 010 | _aENG-86296 | ||
| 020 |
_a8172149514 _c295.00 |
||
| 035 | _aEN-69829 | ||
| 037 | _bDBAD / PUB | ||
| 082 | 1 | 4 | _a920 |
| 100 | 1 | _aMeagher, Paddy, | |
| 245 | 1 | 0 |
_aPaddy fields and a grain of rice / _cby Paddy Meagher; ed. by Francis Gonsalves |
| 260 |
_aDelhi _bVIEWS _bIndian Society for Promoting Christian Knowledge _c2006 |
||
| 270 |
_aPost Box No. 1585, 1654, Madarsa Road, Kashmere Gate _bDelhi _e110006 _k23866323 _l23865490 _mispck@nde.vsnl.net.in |
||
| 300 |
_axii, 317 p. _c25 cm. (Pbk) |
||
| 520 | _aCritical interpretation of Gospels. | ||
| 700 | 1 |
_aGonsalves, Francis, _d1960- |
|
| 710 | 2 | _aVidyajyoti Education & Welfare Society (Delhi, India) | |
| 710 | 2 | _aI.S.P.C.K. (Organization) | |
| 942 |
_adpl _cEN _2ddc _h920 _mPAD |
||